The Ethics Challenge in Public Service (Record no. 85018)
[ view plain ]
| 000 -LEADER | |
|---|---|
| fixed length control field | 00625nam a22002297a 4500 |
| 003 - CONTROL NUMBER IDENTIFIER | |
| control field | URS |
| 005 - DATE AND TIME OF LATEST TRANSACTION | |
| control field | 20250828100512.0 |
| 008 - FIXED-LENGTH DATA ELEMENTS--GENERAL INFORMATION | |
| fixed length control field | 250318b ||||| |||| 00| 0 eng d |
| 020 ## - INTERNATIONAL STANDARD BOOK NUMBER | |
| International Standard Book Number | 0787967564 |
| 040 ## - CATALOGING SOURCE | |
| Transcribing agency | URS |
| 050 ## - LIBRARY OF CONGRESS CALL NUMBER | |
| Classification number | JK468.E7 |
| Item number | .L49 2005 |
| 100 ## - MAIN ENTRY--PERSONAL NAME | |
| 9 (RLIN) | 11374 |
| Personal name | Lewis, Carol Weiss |
| 245 ## - TITLE STATEMENT | |
| Title | The Ethics Challenge in Public Service |
| Remainder of title | A Problem-solving Guide |
| 250 ## - EDITION STATEMENT | |
| Edition statement | 2nd Edition |
| 264 ## - PRODUCTION, PUBLICATION, DISTRIBUTION, MANUFACTURE, AND COPYRIGHT NOTICE | |
| Date of production, publication, distribution, manufacture, or copyright notice | ©2005 |
| 300 ## - PHYSICAL DESCRIPTION | |
| Extent | 363 pages.,: |
| 336 ## - CONTENT TYPE | |
| Source | rdacontent |
| Content type term | text |
| 337 ## - MEDIA TYPE | |
| Source | rdamedia |
| Media type term | unmediated |
| 338 ## - CARRIER TYPE | |
| Source | rdacarrier |
| Carrier type term | volume |
| 650 #0 - SUBJECT ADDED ENTRY--TOPICAL TERM | |
| 9 (RLIN) | 11375 |
| Topical term or geographic name entry element | Civil Service Ethics |
| General subdivision | United States |
| 942 ## - ADDED ENTRY ELEMENTS (KOHA) | |
| Source of classification or shelving scheme | Library of Congress Classification |
| Koha item type | Reserved Books |
| Withdrawn status | Source of classification or shelving scheme | Damaged status | Not for loan | Collection code | Home library | Current library | Date acquired | Total Checkouts | Full call number | Barcode | Date last seen | Price effective from | Koha item type |
|---|---|---|---|---|---|---|---|---|---|---|---|---|---|
| Library of Congress Classification | Non-fiction | Morong Graduate Library | Morong College Library | 03/18/2025 | JK468.E7 .L49 2005 | URSMOR-GL-5280 | 03/18/2025 | 03/18/2025 | Reserved Books |